[Event "Najdorf Mem Open A"]
[Site "Warsaw POL"]
[Date "2010.07.19"]
[Round "3"]
[White "Wieczorek,O"]
[Black "Grochulski,G"]
[Result "1-0"]
[WhiteElo "2316"]
[BlackElo "2045"]
[EventDate "2010.07.17"]

1. e4 e5 2. Nf3 Nc6 3. Bb5 a6 4. Ba4 Nf6 5. O-O b5 6. Bb3 Bb7 7. Re1 Bc5 8.
c3 d6 9. d4 Bb6 10. Be3 O-O 11. Nbd2 h6 12. h3 Re8 13. d5 Ne7 14. Bxb6 cxb6
15. a4 bxa4 16. Bxa4 b5 17. Bc2 Nd7 18. Bd3 Nc5 19. Bf1 f5 20. exf5 Nxf5
21. b4 Na4 22. c4 Qd7 23. Qb3 Nb6 24. Ra5 Qf7 25. Qb1 bxc4 26. Nxc4 Nxd5
27. Nh4 Nxh4 28. Nxd6 Qf6 29. Nxb7 Nf4 30. Qe4 Rf8 31. Ra2 Rab8 32. Nc5 Qg5
33. Re3 Nf5 34. Rc3 Nd4 35. Rg3 Qh5 36. Nd7 Rxb4 37. Nxf8 Nde2+ 38. Bxe2
Rxe4 39. Bxh5 Nxh5 40. Rf3 Nf4 41. Nd7 Rd4 42. Nxe5 1-0

[Event "Najdorf Mem Open A"]
[Site "Warsaw POL"]
[Date "2010.07.19"]
[Round "3"]
[White "Winski,L"]
[Black "Doluhanova,E"]
[Result "0-1"]
[WhiteElo "2115"]
[BlackElo "2312"]
[EventDate "2010.07.17"]

1. e4 c5 2. c3 d5 3. exd5 Qxd5 4. d4 Nf6 5. Nf3 e6 6. Be3 cxd4 7. cxd4 Be7
8. Nc3 Qd6 9. a3 O-O 10. Bc4 a6 11. Ne5 Nc6 12. Nxc6 Qxc6 13. Be2 Qxg2 14.
Bf3 Qh3 15. Qe2 Bd7 16. O-O-O Bc6 17. Bxc6 bxc6 18. Bg5 Rfd8 19. Rhg1 Nd5
20. Bxe7 Nxe7 21. Ne4 Nf5 22. Ng5 Qxh2 23. Rg4 Nxd4 24. Rgxd4 Rxd4 25. Rxd4
Qg1+ 0-1

[Event "Najdorf Mem Open A"]
[Site "Warsaw POL"]
[Date "2010.07.19"]
[Round "3"]
[White "Zakoscielna,K"]
[Black "Kadziolka,B"]
[Result "0-1"]
[WhiteElo "2040"]
[BlackElo "2305"]
[EventDate "2010.07.17"]

1. e4 e6 2. d4 d5 3. Nd2 Nf6 4. e5 Nfd7 5. c3 c5 6. Bd3 Nc6 7. Ndf3 Qa5 8.
Kf1 cxd4 9. cxd4 f6 10. exf6 Nxf6 11. g3 Bd6 12. Kg2 O-O 13. Ne2 e5 14.
dxe5 Nxe5 15. Nxe5 Bxe5 16. Bf4 Bxf4 17. Nxf4 Bd7 18. Re1 Rae8 19. a3 Bc6
20. b4 Qb6 21. Qb3 Ng4 22. Qc2 Nf6 23. h4 Kh8 24. h5 Ne4 25. Rab1 a6 26. f3
Ng5 27. Bf5 d4 28. Bg4 Qd8 29. Qc4 Qf6 30. Rh1 Nxf3 31. Bxf3 Bxf3+ 32. Kf2
Bxh1 33. Rxh1 Re3 34. Qc7 Qe5 35. Qxe5 Rxe5 36. h6 g5 0-1

[Event "Najdorf Mem Open A"]
[Site "Warsaw POL"]
[Date "2010.07.19"]
[Round "3"]
[White "Stoma,P"]
[Black "Spicak,K"]
[Result "1-0"]
[WhiteElo "2302"]
[BlackElo "2026"]
[EventDate "2010.07.17"]

1. e4 d6 2. d4 Nf6 3. Nc3 g6 4. f3 Bg7 5. Be3 O-O 6. Qd2 b6 7. Bc4 Ba6 8.
Bb3 c5 9. dxc5 bxc5 10. e5 dxe5 11. Qxd8 Rxd8 12. Bxc5 e6 13. Ba4 Bb7 14.
Be7 Rc8 15. Nge2 Nd5 16. Bg5 f6 17. Bd2 f5 18. Rd1 Kf7 19. O-O Bf8 20. Rfe1
Kf6 21. Nc1 Nb6 22. Bb3 Nc4 23. Bxc4 Rxc4 24. Nd3 Nc6 25. b3 Rd4 26. Nb5
Rxd3 27. cxd3 a6 28. Nc3 Rd8 29. Na4 f4 30. Bc3 Kf5 31. Kf1 g5 32. Nb2 h5
33. Nc4 Rd5 34. Re4 Bg7 35. Kf2 a5 36. g3 Bf8 37. Kg2 g4 38. fxg4+ hxg4 39.
gxf4 exf4 40. Rf1 f3+ 41. Kg3 Rxd3 42. Rf4+ Kg6 43. Rxg4+ Kh5 44. Rh4+ Kg6
45. Rxf3 Rxf3+ 46. Kxf3 Nd4+ 47. Kf2 Nf5 48. Ne5+ Kg5 49. Rg4+ Kh5 50. Ra4
Bc5+ 51. Ke2 Bg1 52. Nf3 Ba6+ 53. Ke1 Be3 54. Bd2 1-0

[Event "Najdorf Mem Open A"]
[Site "Warsaw POL"]
[Date "2010.07.19"]
[Round "3"]
[White "Malec,S"]
[Black "Erzhanov,A"]
[Result "1-0"]
[WhiteElo "2108"]
[BlackElo "2363"]
[EventDate "2010.07.17"]

1. e4 c5 2. Nf3 Nc6 3. d4 cxd4 4. Nxd4 Nf6 5. Nc3 e5 6. Ndb5 d6 7. Nd5 Nxd5
8. exd5 Nb8 9. Qf3 a6 10. Qa3 b6 11. Bg5 f6 12. Be3 Be7 13. f4 Bb7 14. Nc3
f5 15. Qb3 exf4 16. Bxb6 Bh4+ 17. Bf2 Qe7+ 18. Be2 Bxf2+ 19. Kxf2 Qe3+ 20.
Kf1 Qa7 21. Qa4+ Nd7 22. Re1 O-O-O 23. Qxf4 Ne5 24. Bd3 Qb6 25. Na4 Qa5 26.
Qd4 Rhe8 27. Qc3+ Qxc3 28. Nxc3 Nxd3 29. cxd3 Kc7 30. Kf2 Kb6 31. d4 Kc7
32. Re3 Rxe3 33. Kxe3 Re8+ 34. Kf4 g6 35. h4 Rg8 36. Re1 Kd7 37. Kg5 Rf8
38. g3 Rf7 39. a4 Bc8 40. Kf4 Bb7 41. a5 Rf8 42. Na4 Rf7 43. Nb6+ Kd8 44.
Re6 Kc7 45. b4 Rg7 46. Re8 Rf7 47. Rh8 Re7 48. Kg5 Re3 49. Rxh7+ Kb8 50.
Kxg6 Rxg3+ 51. Kxf5 Rb3 52. Ke6 Rxb4 53. Kxd6 Rxd4 54. Rh8+ Ka7 55. Kc7 Rd1
56. Ra8+ 1-0

[Event "Najdorf Mem Open A"]
[Site "Warsaw POL"]
[Date "2010.07.19"]
[Round "3"]
[White "Zurkowski,A"]
[Black "Adamski,J"]
[Result "1/2-1/2"]
[WhiteElo "2175"]
[BlackElo "2287"]
[EventDate "2010.07.17"]

1. d4 Nf6 2. Nf3 b6 3. e3 Bb7 4. Bd3 c5 5. O-O g6 6. Qe2 Bg7 7. c3 O-O 8.
e4 cxd4 9. cxd4 Nc6 10. e5 Nd5 11. Bc4 1/2-1/2

[Event "Najdorf Mem Open A"]
[Site "Warsaw POL"]
[Date "2010.07.19"]
[Round "3"]
[White "Choroszej,A"]
[Black "Przezdziecka,M"]
[Result "0-1"]
[WhiteElo "2095"]
[BlackElo "2278"]
[EventDate "2010.07.17"]

1. d4 f5 2. g4 fxg4 3. h3 d5 4. hxg4 Bxg4 5. Qd3 Nf6 6. f3 Bh5 7. e4 Bg6 8.
Qb3 dxe4 9. Qxb7 Nbd7 10. Nc3 Rb8 11. Qxa7 e6 12. Bf4 Bd6 13. Bxd6 cxd6 14.
O-O-O O-O 15. Bc4 d5 16. Bb3 exf3 17. Nh3 Ne4 18. Nxe4 Bxe4 19. Nf2 Bf5 20.
Rhg1 Rf7 21. Qa6 Qc7 22. Rd2 Nf6 23. Re1 Qf4 0-1

[Event "Najdorf Mem Open A"]
[Site "Warsaw POL"]
[Date "2010.07.19"]
[Round "3"]
[White "Jacek,K"]
[Black "Banasik,K"]
[Result "1/2-1/2"]
[WhiteElo "2055"]
[BlackElo "2250"]
[EventDate "2010.07.17"]

1. e4 e6 2. d4 d5 3. Nd2 Nf6 4. e5 Nfd7 5. Bd3 c5 6. c3 Nc6 7. Ngf3 Be7 8.
O-O g5 9. h3 Qb6 10. Re1 h6 11. a3 cxd4 12. cxd4 Nxd4 13. Nxd4 Qxd4 14. Nf3
Qb6 15. b4 Qd8 16. Nd4 Nb6 17. Qe2 Bd7 18. Bd2 Nc4 19. Bxc4 dxc4 20. Qxc4
Qb6 21. Rac1 Rc8 22. Qd3 O-O 23. Be3 Qa6 24. Qxa6 bxa6 25. Nb3 Rxc1 26.
Rxc1 Rc8 27. Rxc8+ Bxc8 28. Bxa7 Bb7 29. Nc5 Bxc5 30. Bxc5 Kg7 31. a4 Bc6
32. a5 Kg6 33. g4 h5 34. Kh2 hxg4 35. hxg4 Bb5 36. Kg3 Bc4 37. f4 gxf4+ 38.
Kxf4 1/2-1/2

[Event "Najdorf Mem Open A"]
[Site "Warsaw POL"]
[Date "2010.07.19"]
[Round "3"]
[White "Solnicki,M"]
[Black "Skawinski,A"]
[Result "1/2-1/2"]
[WhiteElo "2084"]
[BlackElo "2233"]
[EventDate "2010.07.17"]

1. d4 d5 2. c4 c6 3. Nf3 Nf6 4. Qc2 g6 5. Bf4 Bg7 6. e3 Bf5 7. Qb3 Qb6 8.
Nc3 Nbd7 9. h3 O-O 10. c5 Qa5 11. Qxb7 Nxc5 12. Qxc6 Nd3+ 13. Bxd3 Bxd3 14.
Ne5 Ba6 15. Qc5 Qxc5 16. dxc5 Rac8 17. b4 Nd7 18. Nxd5 Nxe5 19. Nxe7+ Kh8
20. Bxe5 Bxe5 21. Nxc8 Bc3+ 22. Kd1 Bxb4 23. Nxa7 Rd8+ 24. Kc2 Rd2+ 25. Kb3
Bxc5 26. Nc6 Bb7 27. Nb4 Bxg2 28. Rhc1 Be7 29. a4 Bxh3 30. a5 Bf6 31. a6
Bxa1 32. Rxa1 Bg2 33. a7 Rd8 34. Kc4 Ba8 35. Na6 Rc8+ 36. Kb5 Kg7 37. Nc5
Rc7 38. Kb6 Rc6+ 39. Kb5 Rc7 40. Ra5 h5 41. Na4 Rc2 42. Nb6 Bb7 43. f4 Rc3
44. Nc4 Ba8 45. Kb4 1/2-1/2

[Event "Najdorf Mem Open A"]
[Site "Warsaw POL"]
[Date "2010.07.19"]
[Round "3"]
[White "Borowicz,P"]
[Black "Drozdowski,K"]
[Result "0-1"]
[WhiteElo "2001"]
[BlackElo "2223"]
[EventDate "2010.07.17"]

1. d4 d5 2. c4 c6 3. Nc3 Nf6 4. Nf3 e6 5. Bg5 h6 6. Bxf6 Qxf6 7. e3 Nd7 8.
Bd3 dxc4 9. Bxc4 g6 10. O-O Bg7 11. e4 O-O 12. Qe2 Qe7 13. Rad1 a6 14. Rfe1
b5 15. Bb3 Bb7 16. d5 exd5 17. exd5 Qxe2 18. Rxe2 c5 19. a3 c4 20. Bc2 Rad8
21. Nd4 Nc5 22. Re7 Bxd5 23. Ndxb5 axb5 24. Nxd5 Bxb2 25. Rc7 Ne6 26. Rb7
Nd4 27. Be4 Kg7 28. Rd2 Rfe8 29. f3 c3 30. Rf2 c2 31. Bxc2 Nxc2 32. Rxc2
Bd4+ 33. Kf1 Rxd5 34. Rcc7 Rf5 0-1

[Event "Najdorf Mem Open A"]
[Site "Warsaw POL"]
[Date "2010.07.19"]
[Round "3"]
[White "Gamback,B"]
[Black "Kaczmarek,M"]
[Result "0-1"]
[WhiteElo "2192"]
[BlackElo "2044"]
[EventDate "2010.07.17"]

1. Nf3 Nf6 2. c4 g6 3. b4 Bg7 4. Bb2 O-O 5. e3 d6 6. Be2 e5 7. d3 Qe7 8.
Nbd2 Nbd7 9. Qc2 b6 10. O-O Bb7 11. Ne1 Rfe8 12. Rc1 a5 13. a3 axb4 14.
axb4 c5 15. Qb3 Bc6 16. b5 Bb7 17. Bf3 Bxf3 18. Nexf3 Nh5 19. Ra1 f5 20.
Rxa8 Rxa8 21. Ra1 Rxa1+ 22. Bxa1 g5 23. Qa2 g4 24. Qa8+ Kf7 25. Qd5+ Kg6
26. Ne1 Nhf6 27. Qc6 h5 28. g3 Bh6 29. Ng2 Bg5 30. f4 gxf3 31. Nxf3 e4 32.
Nxg5 Kxg5 33. d4 cxd4 34. Bxd4 Ne5 35. h4+ Kg4 36. Qxb6 Kxg3 37. Bxe5+ Qxe5
38. Qa5 Qb2 39. Qe1+ Kf3 40. Qf1+ Kg3 41. Qf4+ Kh3 42. Qh2+ Kg4 43. Qf4+
Kh3 44. Qh2+ Kg4 45. Ne1 Qxh2+ 46. Kxh2 Nd7 47. Ng2 Nb6 48. Nf4 Nxc4 49.
Nd5 Kf3 50. b6 Nxb6 51. Nxb6 f4 52. Kg1 Kxe3 53. Nd5+ Kf3 54. Kf1 e3 55.
Nc3 Kg3 56. Ne4+ Kxh4 57. Nxd6 Kg3 58. Ke2 Kg2 59. Ne4 h4 60. Ng5 h3 61.
Ne6 h2 62. Nxf4+ Kg3 63. Kxe3 h1=Q 64. Ne2+ Kg4 65. Nd4 Qh3+ 66. Ke4 Qg2+
67. Ke5 Qg3+ 68. Ke4 Qf4+ 69. Kd5 Qf7+ 70. Ke4 Qe7+ 71. Kd5 Kf4 72. Ne6+
Kf5 73. Nd4+ Kf6 74. Nc6 Qd7+ 75. Kc5 Ke6 76. Nd4+ Ke5 77. Nc6+ Ke4 78. Nb4
Qd4+ 79. Kb5 Qc3 80. Nc6 Kd5 81. Nb4+ Kd6 82. Na6 Qd3+ 83. Kb6 Qb3+ 84. Ka5
Kc6 85. Nb4+ Kc5 86. Na6+ Kc4 87. Nc7 Qb7 0-1

[Event "Najdorf Mem Open A"]
[Site "Warsaw POL"]
[Date "2010.07.19"]
[Round "3"]
[White "Zaninotto,F"]
[Black "Wisniowska,K"]
[Result "1/2-1/2"]
[WhiteElo "2189"]
[BlackElo "1999"]
[EventDate "2010.07.17"]

1. e4 d6 2. d4 Nf6 3. Nc3 g6 4. Bg5 Bg7 5. f4 h6 6. Bh4 c5 7. e5 Nh5 8.
dxc5 Nxf4 9. exd6 g5 10. Qd2 O-O 11. Bg3 Nh5 12. Bf2 exd6 13. cxd6 Re8+ 14.
Nge2 Bg4 15. O-O-O Nc6 16. h3 Bxe2 17. Bxe2 Nf4 18. Bf3 Ne5 19. Rhe1 Nc4
20. Rxe8+ Qxe8 21. Qe1 Qxe1 22. Bxe1 Ne3 23. Rd2 Nc4 24. Rd1 Ne3 25. Rd2
Nc4 1/2-1/2

[Event "Najdorf Mem Open A"]
[Site "Warsaw POL"]
[Date "2010.07.19"]
[Round "3"]
[White "Szewczak,And"]
[Black "Delega,T"]
[Result "1/2-1/2"]
[WhiteElo "1981"]
[BlackElo "2186"]
[EventDate "2010.07.17"]

1. e4 c6 2. Nc3 d5 3. d3 Nf6 4. Bd2 Qb6 5. Qc1 e5 6. Bg5 Nbd7 7. f3 h6 8.
Bd2 Bd6 9. Nge2 dxe4 10. Nxe4 Nxe4 11. dxe4 Bc5 12. Nc3 Bf2+ 13. Kd1 Nf6
14. Bd3 Be6 15. Ke2 Bd4 16. Na4 Qc7 17. c3 Bb6 18. Nxb6 axb6 19. a4 Rd8 20.
Rd1 O-O 21. Be3 Bb3 22. Bc2 Rxd1 23. Bxd1 Bc4+ 24. Kf2 Nd7 25. b3 Be6 26.
Bc2 Nc5 27. Qa3 Rd8 28. Rd1 Rxd1 29. Bxd1 Qd6 30. Bxc5 Qxd1 31. Bxb6 Qd2+
32. Kg3 Qxc3 33. h3 Qxb3 34. Qc5 Qxa4 35. Qxe5 Qa8 36. Bd4 Qf8 37. Bc5 Qc8
38. Bd4 f6 39. Qc5 Qd7 40. f4 Bf7 41. Kf3 f5 42. Qe5 fxe4+ 43. Ke3 Bd5 44.
f5 Qf7 45. g4 Qf8 46. h4 Qa3+ 47. Kd2 Qb4+ 48. Ke2 Bc4+ 49. Kd1 Qb1+ 50.
Kd2 Qd3+ 51. Kc1 Qa3+ 52. Kd2 e3+ 53. Qxe3 Qxe3+ 54. Kxe3 b5 55. Bc5 Kf7
56. g5 Bd5 57. Kd4 hxg5 58. hxg5 Bc4 59. Ke5 Bd3 60. g6+ Ke8 61. Ke6 Be4
62. Bb4 Bd5+ 63. Kd6 Be4 64. Ke6 Bd5+ 65. Kd6 Be4 1/2-1/2

[Event "Najdorf Mem Open A"]
[Site "Warsaw POL"]
[Date "2010.07.19"]
[Round "3"]
[White "Hetzer,V"]
[Black "Valsecchi,A"]
[Result "0-1"]
[WhiteElo "2063"]
[BlackElo "2360"]
[EventDate "2010.07.17"]

1. d4 d5 2. Nf3 Nf6 3. c4 e6 4. g3 c6 5. Bg2 dxc4 6. O-O b5 7. a4 Bb7 8.
Ne5 Nd5 9. e4 Nf6 10. Nc3 b4 11. Ne2 c5 12. d5 exd5 13. exd5 Bxd5 14. Nf4
Bxg2 15. Qxd8+ Kxd8 16. Kxg2 Ke8 17. Re1 Be7 18. Nxc4 Nbd7 19. b3 Kd8 20.
Bb2 Re8 21. Rad1 Kc7 22. Re2 Bf8 23. Red2 Rad8 24. f3 Be7 25. Kf2 Nb6 26.
Ne5 Rxd2+ 27. Rxd2 c4 28. Nxc4 Nxc4 29. bxc4 Bc5+ 30. Bd4 Bxd4+ 31. Rxd4
Kc6 32. Nd3 b3 33. h4 Re7 34. g4 Rb7 35. Nb2 Kc5 36. Rd3 Kb4 37. Rd2 Nd7
38. Ke3 Nc5 39. Rd5 Nxa4 40. Nd3+ Kc3 41. c5 b2 42. Nxb2 Nxb2 43. c6 Nc4+
44. Kf4 Rb4 45. c7 Nb6+ 0-1

[Event "Najdorf Mem Open A"]
[Site "Warsaw POL"]
[Date "2010.07.19"]
[Round "3"]
[White "Pazderski,Z"]
[Black "Krasiewicz,R"]
[Result "1-0"]
[WhiteElo "2246"]
[BlackElo "2053"]
[EventDate "2010.07.17"]

1. d4 Nf6 2. g3 d5 3. Bg2 e6 4. c4 c6 5. Nf3 Be7 6. O-O O-O 7. Nc3 b6 8.
Qc2 Bb7 9. Rd1 Nbd7 10. e4 dxe4 11. Nxe4 Nxe4 12. Qxe4 Qc7 13. Bf4 Bd6 14.
Bxd6 Qxd6 15. c5 Qc7 16. Ne5 Nf6 17. Qc2 Rfd8 18. Bxc6 Bxc6 19. cxb6 Qxb6
20. Nxc6 Rd6 21. Rac1 Nd5 22. Qc5 Qxc5 23. Rxc5 Kf8 24. Rdc1 f6 25. b4 a6
26. a3 Nb6 27. Na5 Rxd4 28. Rc6 Nd5 29. Rxe6 Rd3 30. Ra1 Kf7 31. Rc6 Ke7
32. Nb7 Rd2 33. Re1+ Kf7 34. Nc5 Ra2 35. Rd1 Nc3 36. Rd7+ Kg6 37. Ne6 Rxa3
38. Rxg7+ Kh6 39. Rc4 1-0

[Event "Najdorf Mem Open A"]
[Site "Warsaw POL"]
[Date "2010.07.19"]
[Round "3"]
[White "Bugajski,R"]
[Black "Goslawski,M"]
[Result "0-1"]
[WhiteElo "2222"]
[BlackElo "2018"]
[EventDate "2010.07.17"]

1. d4 Nf6 2. Nf3 g6 3. g3 Bg7 4. Bg2 O-O 5. O-O d6 6. c4 Nc6 7. Nc3 Bg4 8.
d5 Na5 9. b3 c5 10. Bb2 a6 11. Nd2 Rb8 12. h3 Bd7 13. Qc2 b5 14. cxb5 axb5
15. Rae1 Qb6 16. Kh2 Rfc8 17. Nd1 b4 18. Ne3 Bb5 19. Nec4 Bxc4 20. bxc4 b3
21. axb3 Nxb3 22. Bc3 Nxd2 23. Qxd2 Qa6 24. Rc1 Rb3 25. Rc2 Rcb8 26. e4 Nd7
27. Rfc1 Bxc3 28. Rxc3 Qa3 29. Bf1 Rxc3 30. Rxc3 Qa1 31. Rc1 Rb1 32. Rxb1
Qxb1 33. Qe2 Kg7 34. f4 Qa1 35. Bg2 h6 36. Qg4 Nf6 37. Qe2 Nd7 38. Qg4 Nf6
39. Qe2 Qd4 40. Bf3 Nd7 41. Bg2 Nb6 42. Bf1 Na4 43. e5 Nc3 44. Qe1 Nd1 45.
exd6 exd6 46. Kg2 Ne3+ 47. Kf3 Nxc4 48. Bxc4 Qxc4 49. Qa1+ Kh7 50. Qa8 Qc3+
51. Kf2 Kg7 52. Qc6 Qf6 53. Ke2 Qd8 54. Kd3 Kf8 55. Qb7 Ke8 56. Qb2 Qd7 57.
g4 Ke7 58. Qe2+ Kf8 59. Qb2 h5 60. f5 gxf5 61. Qh8+ Ke7 62. gxh5 Qb5+ 63.
Kd2 Qb4+ 64. Kc2 Qe4+ 65. Kc3 f4 66. h6 f3 67. Qg7 Qe3+ 68. Kb2 f2 69. Qg2
Qe2+ 0-1

[Event "Najdorf Mem Open A"]
[Site "Warsaw POL"]
[Date "2010.07.19"]
[Round "3"]
[White "Lada,M"]
[Black "Kamieniecki,T"]
[Result "0-1"]
[WhiteElo "2159"]
[BlackElo "2016"]
[EventDate "2010.07.17"]

1. d4 Nf6 2. c4 g6 3. Nc3 Bg7 4. e4 d6 5. Nf3 O-O 6. Be2 e5 7. d5 a5 8. Bg5
h6 9. Bh4 Na6 10. Nd2 Qe8 11. O-O Bd7 12. b3 Nc5 13. a3 h5 14. b4 axb4 15.
axb4 Na4 16. Qc2 Nh7 17. f3 Nxc3 18. Qxc3 Rxa1 19. Rxa1 f5 20. c5 g5 21.
Bf2 g4 22. cxd6 cxd6 23. Qc7 Ng5 24. Qxb7 gxf3 25. Bxf3 Bc8 26. Qc7 Qg6 27.
Ra8 fxe4 28. Rxc8 Nxf3+ 29. Nxf3 exf3 30. Rxf8+ Bxf8 31. Bg3 h4 32. Qc8
hxg3 33. gxf3 gxh2+ 34. Kxh2 Qh6+ 35. Kg1 Qe3+ 36. Kg2 Qd2+ 37. Kg3 Qxd5
38. Qg4+ Kf7 39. Qd7+ Be7 40. b5 e4 41. fxe4 Qxe4 42. Kh2 Qe6 43. Qb7 d5
44. b6 Kg6 45. Kg2 Bc5 0-1

[Event "Najdorf Mem Open A"]
[Site "Warsaw POL"]
[Date "2010.07.19"]
[Round "3"]
[White "Bursa,R"]
[Black "Kuciel,W"]
[Result "0-1"]
[WhiteElo "2014"]
[BlackElo "2088"]
[EventDate "2010.07.17"]

1. e4 c5 2. Nf3 d6 3. g3 Nc6 4. Bg2 Nf6 5. d3 g6 6. O-O Bg7 7. c3 O-O 8.
Re1 e5 9. Nbd2 d5 10. exd5 Nxd5 11. Nb3 b6 12. c4 Nc7 13. Nbd2 Qxd3 14. Ne4
Qxd1 15. Rxd1 Ba6 16. Rd6 Na5 17. b3 f5 18. Bb2 fxe4 19. Ng5 Rad8 20. Rad1
Nc6 21. Bxe4 Nd4 22. Rxd8 Rxd8 23. Re1 Bc8 24. Nf3 Nxf3+ 25. Bxf3 e4 26.
Bxg7 exf3 27. Bf6 Rd2 28. h4 Ne6 0-1

[Event "Najdorf Mem Open A"]
[Site "Warsaw POL"]
[Date "2010.07.19"]
[Round "3"]
[White "Gluszko,M"]
[Black "Nowicki,B"]
[Result "1/2-1/2"]
[WhiteElo "2004"]
[BlackElo "2067"]
[EventDate "2010.07.17"]

1. e4 c5 2. Nf3 d6 3. d4 cxd4 4. Qxd4 Nc6 5. Bb5 Bd7 6. Bxc6 Bxc6 7. Nc3
Nf6 8. Bg5 e6 9. O-O-O Be7 10. Kb1 O-O 11. Rhe1 h6 12. Bxf6 Bxf6 13. Qxd6
Qxd6 14. Rxd6 Rfd8 15. Rd3 g5 16. h3 Kf8 17. Kc1 Rac8 18. Nd2 b5 19. e5
Rxd3 20. cxd3 Bg7 21. Kb1 b4 22. Nce4 Bxe5 23. Nxg5 Bf4 24. Ngf3 Bxd2 25.
Nxd2 Bxg2 26. Re3 Bd5 27. b3 Ke7 28. Nc4 Rg8 1/2-1/2

[Event "Najdorf Mem Open A"]
[Site "Warsaw POL"]
[Date "2010.07.20"]
[Round "4"]
[White "Mista,A"]
[Black "Malakhatko,V"]
[Result "1-0"]
[WhiteElo "2562"]
[BlackElo "2576"]
[EventDate "2010.07.17"]

1. e4 c6 2. d4 d5 3. Nd2 dxe4 4. Nxe4 Bf5 5. Ng3 Bg6 6. h4 h6 7. Nf3 Nd7 8.
h5 Bh7 9. Bd3 Bxd3 10. Qxd3 e6 11. Bf4 Qa5+ 12. Bd2 Bb4 13. c3 Be7 14. c4
Qc7 15. O-O-O Ngf6 16. Kb1 O-O 17. Qc2 Rfd8 18. Bc1 a5 19. Ne2 Ng4 20. Nf4
e5 21. Qf5 Nxf2 22. dxe5 Nc5 23. Rxd8+ Rxd8 24. Rf1 Nfe4 25. Re1 Ng5 26.
Nxg5 Bxg5 27. e6 fxe6 28. Nxe6 Nxe6 29. Qxe6+ Qf7 30. Bxg5 hxg5 31. Qxf7+
Kxf7 32. Re5 Kf6 33. Rxa5 Rd1+ 34. Kc2 Rg1 35. Ra7 Rxg2+ 36. Kc3 g4 37.
Rxb7 g3 38. Rd7 Re2 39. Rd6+ Kf5 40. Rg6 Kf4 41. Rxg7 Rh2 42. h6 Rxh6 43.
b4 Rh5 44. Kd3 Rh2 45. a4 Ra2 46. a5 c5 47. bxc5 g2 48. Kd4 Rd2+ 49. Kc3
Ra2 50. Kb3 Re2 51. Ka4 Kf3 52. c6 Re4 53. Rxg2 Kxg2 54. Kb5 1-0

[Event "Najdorf Mem Open A"]
[Site "Warsaw POL"]
[Date "2010.07.20"]
[Round "4"]
[White "Zhigalko,S"]
[Black "Radulski,J"]
[Result "0-1"]
[WhiteElo "2656"]
[BlackElo "2574"]
[EventDate "2010.07.17"]

1. e4 e6 2. d4 d5 3. e5 c5 4. c3 Nc6 5. Nf3 Qb6 6. a3 c4 7. Nbd2 Na5 8. Be2
Bd7 9. O-O Ne7 10. Rb1 Qc7 11. Ne1 O-O-O 12. Bg4 Kb8 13. Nc2 Ba4 14. Nf3
Nc8 15. Qe2 Nb6 16. h4 Ka8 17. h5 f5 18. Bh3 Qf7 19. Ng5 Qg8 20. Bf4 h6 21.
Nf3 Qf7 22. Nfe1 Rg8 23. Kh1 Be7 24. Ne3 Rdf8 25. Bh2 Be8 26. g4 f4 27.
N3c2 f3 28. Qd1 g6 29. hxg6 Qxg6 30. Rg1 Ba4 31. g5 hxg5 32. Rg3 Rh8 33.
Bg4 Rh4 34. Rc1 Qe4 35. Bxf3 Qh7 0-1

[Event "Najdorf Mem Open A"]
[Site "Warsaw POL"]
[Date "2010.07.20"]
[Round "4"]
[White "Dziuba,M"]
[Black "Simonian,H"]
[Result "1/2-1/2"]
[WhiteElo "2582"]
[BlackElo "2494"]
[EventDate "2010.07.17"]

1. d4 d5 2. c4 c6 3. Nf3 Nf6 4. Nc3 a6 5. a4 e6 6. g3 dxc4 7. Bg2 c5 8.
dxc5 Qxd1+ 9. Nxd1 Nc6 10. Ne3 Bxc5 11. Nxc4 Ke7 12. O-O Rd8 13. Nfe5 Nd4
14. Be3 Nd5 15. Bxd4 Bxd4 16. Rfd1 Bxe5 17. Nxe5 Bd7 18. Bxd5 exd5 19. Rxd5
Be6 20. Rxd8 Rxd8 21. Nd3 Bc4 22. Ra3 Rd4 23. Rc3 Bxd3 24. exd3 Kd6 25. b3
Rb4 26. Kf1 g5 27. Ke2 a5 28. Kd2 b5 29. axb5 Rxb5 30. d4 Kd5 31. Ke3 f5
32. h4 f4+ 33. gxf4 gxh4 34. f5 h3 35. Kf4 h2 36. Rh3 Rxb3 37. Rxh7 a4 38.
Rxh2 Rb2 39. Kg5 a3 40. Rh3 a2 41. Ra3 Rxf2 42. Ra4 Rg2+ 43. Kf6 Rf2 44.
Kg6 Rg2+ 45. Kf7 Rf2 46. f6 Re2 47. Kg7 Rg2+ 48. Kf8 Rf2 49. f7 Re2 50. Ra7
Kxd4 51. Kg7 Rg2+ 52. Kf6 Rf2+ 53. Ke7 Re2+ 54. Kd8 Rf2 55. Ke8 Re2+ 56.
Kd8 1/2-1/2

[Event "Najdorf Mem Open A"]
[Site "Warsaw POL"]
[Date "2010.07.20"]
[Round "4"]
[White "Olszewski,Mi"]
[Black "Socko,M"]
[Result "1/2-1/2"]
[WhiteElo "2543"]
[BlackElo "2477"]
[EventDate "2010.07.17"]

1. d4 Nf6 2. c4 e6 3. Nf3 b6 4. g3 Ba6 5. Qc2 Bb4+ 6. Bd2 Be7 7. Bg2 O-O 8.
b4 d5 9. b5 Bb7 10. Ne5 c5 11. dxc5 Bxc5 12. Bc3 Qe7 13. O-O d4 14. Bxb7
Qxb7 15. Bb2 Qc7 16. Nf3 e5 17. Nbd2 Nbd7 18. Nb3 Rfe8 19. a4 Rac8 20. a5
Qb7 21. Nfd2 Nf8 22. axb6 axb6 23. Nxc5 bxc5 24. Ra6 e4 25. Rfa1 Qe7 26. e3
Qe5 27. b6 Ne6 28. b7 Rb8 29. Qb3 Qc7 30. Rb6 Red8 31. Nf1 h5 32. Rb5 Ng4
33. Ra6 Qe5 34. h3 Nxf2 35. Kxf2 Qf5+ 36. Kg1 Ng5 37. exd4 Nxh3+ 38. Kh2
Qf2+ 39. Kxh3 Qxf1+ 40. Kh2 Qf2+ 41. Kh3 e3 42. d5 h4 43. Kxh4 Re8 44. Qc3
Qh2+ 45. Kg4 Re4+ 46. Kf5 Qh7+ 47. Kg5 Rd4 48. Qxd4 cxd4 49. Ra8 Qg6+ 50.
Kf4 Qh6+ 51. Kg4 f5+ 52. Kxf5 Qh5+ 53. Kf4 Qf7+ 54. Kg4 Qd7+ 55. Kf4 Qd6+
56. Kf3 Qf8+ 57. Kg2 d3 58. Rxb8 Qxb8 59. Be5 d2 60. Bxb8 d1=Q 61. Bf4 Qe2+
1/2-1/2

[Event "Najdorf Mem Open A"]
[Site "Warsaw POL"]
[Date "2010.07.20"]
[Round "4"]
[White "Bove,A"]
[Black "Brodsky,M"]
[Result "0-1"]
[WhiteElo "2377"]
[BlackElo "2540"]
[EventDate "2010.07.17"]

1. d4 Nf6 2. c4 e6 3. Nc3 Bb4 4. Qc2 O-O 5. a3 Bxc3+ 6. Qxc3 d6 7. Bg5 Nbd7
8. e3 b6 9. Bd3 Bb7 10. f3 c5 11. Ne2 Rc8 12. O-O cxd4 13. exd4 h6 14. Bh4
d5 15. Qb3 dxc4 16. Bxc4 Nb8 17. Rfd1 Bd5 18. Bxd5 Qxd5 19. Qa4 Nbd7 20.
Nc3 Qb7 21. Nb5 a6 22. Nd6 Qc6 23. Qxc6 Rxc6 24. Bg3 Nd5 25. Rac1 Nb8 26.
Kf2 Rd8 27. Nb7 Rdc8 28. Rxc6 Nxc6 29. Rc1 Nde7 30. Nd6 Rd8 31. Ke3 Nxd4
32. Kxd4 Nf5+ 33. Ke4 Nxd6+ 34. Bxd6 Rxd6 35. Rc8+ Kh7 36. Ke3 g5 37. Rc4
Kg6 38. h4 b5 39. Rb4 h5 40. b3 e5 41. g3 f6 42. a4 Rd5 43. Ke4 gxh4 44.
gxh4 Rc5 45. axb5 axb5 46. f4 f5+ 47. Ke3 Kf6 48. fxe5+ Kxe5 49. Kf3 Rd5
50. Ke3 Kd6 51. Rf4 Kc5 52. Ke2 Re5+ 53. Kf3 Rd5 54. Ke2 Kd6 55. Rb4 Ke5
56. Ke3 f4+ 57. Kf3 Rd3+ 58. Ke2 Re3+ 59. Kf2 Kf5 60. Rxb5+ Kg4 61. Rb8
Rf3+ 62. Ke2 Rc3 63. b4 Rc2+ 64. Ke1 Kxh4 65. Rg8 Rb2 66. b5 Rxb5 67. Kf2
Rg5 68. Rf8 Kg4 69. Kg2 h4 70. Rh8 f3+ 71. Kf2 h3 72. Rh7 Rg8 73. Rh6 Ra8
74. Rg6+ Kf4 75. Rf6+ Ke4 76. Re6+ Kf5 77. Rh6 Kg4 78. Rg6+ Kh5 79. Rg7 h2
80. Rh7+ Kg4 81. Rg7+ Kf5 82. Rh7 Ra1 83. Rxh2 Ra2+ 84. Kg3 Rxh2 85. Kxh2
Ke4 0-1

[Event "Najdorf Mem Open A"]
[Site "Warsaw POL"]
[Date "2010.07.20"]
[Round "4"]
[White "Rej,T"]
[Black "Jakubowski,K"]
[Result "1-0"]
[WhiteElo "2334"]
[BlackElo "2506"]
[EventDate "2010.07.17"]

1. e4 c5 2. Nf3 e6 3. d4 cxd4 4. Nxd4 a6 5. Nc3 d6 6. Be3 b5 7. Qd2 Nf6 8.
f3 Nbd7 9. O-O-O Bb7 10. g4 Nb6 11. Qf2 Nfd7 12. e5 b4 13. Ne4 dxe5 14.
Nxe6 fxe6 15. Rd6 Nd5 16. Rxe6+ Kf7 17. Ng5+ Kg8 18. Bc4 Rc8 19. b3 Qa5 20.
Qe2 Qxa2 21. Rxa6 Rxc4 22. Rxa2 Rc3 23. Bd2 Nc5 24. Kb2 h5 25. Bxc3 bxc3+
26. Kb1 hxg4 27. Qxe5 gxf3 28. Qe8 1-0

[Event "Najdorf Mem Open A"]
[Site "Warsaw POL"]
[Date "2010.07.20"]
[Round "4"]
[White "Deszczynski,A"]
[Black "Macieja,B"]
[Result "0-1"]
[WhiteElo "2352"]
[BlackElo "2639"]
[EventDate "2010.07.17"]

1. e4 c6 2. Nc3 d5 3. d4 dxe4 4. Nxe4 Bf5 5. Ng3 Bg6 6. Nf3 Nf6 7. h4 h6 8.
Ne5 Bh7 9. Bc4 e6 10. Qe2 Nd5 11. c3 Nd7 12. Nh5 Nxe5 13. Qxe5 Rg8 14. Qe2
Qc7 15. O-O O-O-O 16. Rd1 Bd6 17. Qf3 Qe7 18. Ng3 Qxh4 19. Qxf7 Rde8 20.
Bd3 Rgf8 21. Qxg7 Rxf2 22. Kxf2 Bxg3+ 23. Ke2 Qh5+ 24. Kd2 Bxd3 0-1

[Event "Najdorf Mem Open A"]
[Site "Warsaw POL"]
[Date "2010.07.20"]
[Round "4"]
[White "Hammer,J"]
[Black "Zozulia,A"]
[Result "1-0"]
[WhiteElo "2636"]
[BlackElo "2340"]
[EventDate "2010.07.17"]

1. e4 c5 2. Nf3 Nc6 3. Bb5 d6 4. O-O Bd7 5. c3 Nf6 6. Re1 a6 7. Bf1 Bg4 8.
d3 e6 9. Nbd2 Be7 10. h3 Bh5 11. g4 Bg6 12. Nh4 Nd7 13. Ng2 e5 14. Nf3 h5
15. g5 Nf8 16. d4 cxd4 17. cxd4 f6 18. h4 Rc8 19. d5 Nb8 20. gxf6 Bxf6 21.
Ng5 Nbd7 22. Qb3 Nh7 23. Ne6 Nc5 24. Qg3 1-0